LEADER 01003nam0-22002891i-450 001 990001703810403321 005 20190529131333.0 035 $a000170381 035 $aFED01000170381 035 $a(Aleph)000170381FED01 035 $a000170381 100 $a20030910d1972----km-y0itay50------ba 101 0 $aita 200 1 $aInfluenza della temperatura e della durata della stratificazione sulla germinazione dei semi di Prunus Mahaleb Mill$fAngelo Godini 210 $aBari$c...$d1972 215 $ap. 505-512$d24 cm 300 $aEstr. da: Annali della Facoltà di Agraria Università, Bari, 25,1972. 610 0 $aMiglioramento vegetale 676 $a631.53 700 1$aGodini,$bAngelo$069693 801 0$aIT$bUNINA$gRICA$2UNIMARC 901 $aLG 912 $a990001703810403321 952 $a60 OP. 88/47$b44659$fFAGBC 959 $aFAGBC 996 $aInfluenza della temperatura e della durata della stratificazione sulla germinazione dei semi di Prunus Mahaleb Mill$9361620 997 $aUNINA LEADER 00772cam0-2200277 --450 001 9910436460503321 005 20210215093953.0 010 $a978-88-6288-514-0 100 $a20210215d2018----km y0itay50 ba 101 0 $aita 102 $aIT 105 $ay 001yy 200 1 $aNorimberga$eprocesso al Terzo Reich$fGiuseppe Mayda 210 $aBologna$cOdoya$d2018 215 $a335 p.$cill.$d20 cm 225 1 $aOdoya library$v346 610 0 $aProcesso di Norimberga <1945-1946> 676 $a341.690268$v23$zita 700 1$aMayda,$bGiuseppe$0252904 801 0$aIT$bUNINA$gREICAT$2UNIMARC 901 $aBK 912 $a9910436460503321 952 $aCollez. 2544 (346)$b2438/2020$fFSPBC 959 $aFSPBC 996 $aNorimberga$91766093 997 $aUNINA